00754nam a2200217Ii 45000010005000000030009000050080041000140400033000550410008000880820016000961000034001122450029001462640059001753000012002343360026002463370028002723380027003009400050003279990017003779520142003943851CO-ViMGA241108s9999||||xx |||||||||||||| ||und|| aCO-ViMGAbspaerdacCO-ViMGA0 aunk04a364.12-C6351 aManuel Constain Medina95606910aInvestigación criminal 1a[Lugar de publicación no identificado] : Temis, 1963 avolumen atextbtxt2rdacontent aunmediatedbn2rdamedia avolumebnc2rdacarrier aidficha_siabuc: 3762. -- ficha_no_siabuc:3851 c53841d53841 001040708001aMEVIGERRbMEVIGERRcGENd2006-11-27hVol.1o364.12-C635pECA2506r2024-11-26 10:40:54tEj.1w2024-11-26yBKz3762 | 5534